01168nam a22002057a 4500003000400000008004100004040004000045041000800085082001400093100004000107245003700147264004800184300003000232500004200262505011700304520051000421650001400931650001400945650000300959OSt231026t1972 sp gr 001 j spa d aCO-JMCRcCO-JMCRdCO-JMCRerdabspa0 aspa04aA-CbFLAt1 eautoraFlaubert, Gustaved1821-188010aTres cuentos /cGustave Flaubert aEspaña : bSalvat editores S.A , c©1972 a139 páginas ; c19 cm.  aIncluye datos biográficos del autor0 aUn corazon sencillo, pág. 11 -- La leyenda de San Julián el hospitalario, pág. 61 -- Herodías, pág. 973 aLos tres relatos, diferentes entre sí por el tema y por la época en que se sitúan, tienen sin embargo, cierta unidad, reveladora de un mundo maravilloso y legendario en el que violencia y religión se mezclan a menudo en escenarios de variadas resonancias históricas. Un corazón sencillo, La leyenda de San Julián el Hospitalatio y herodías son el resultado de una laboriosa elaboración despojada, sin embargo de la copioa erudicción que caracteriza el conjunto de la obra flaubertiana.14ySiglo XIX24ySiglo XIX34